000 00723nam a2200253Ia 4500
003 OSt
005 20220918165905.0
006 a|||||r|||| 00| 0
007 ta
008 220917b |||||||| |||| 00| 0 eng d
020 _a8178241773 (hb)
024 _a231,608
037 _cTextual
040 _aARTS
_cARTS
_beng
041 _2eng
_aeng
082 _aV262:1.N, P7
100 _aDasgupta Subrata
_914320
245 0 _aBengal renaissance
_b indentity and creativity from Rammohun Roy to Rabindranath Tagore
260 _aNew Delhi
_bPermanent Black India
_c2007
300 _a280p.
_ccm.
650 _aHISTORY
942 _hV262:1.N, P7
_cTEXL
_2CC
999 _c131571
_d131571